Quizzes
Events
Quiz Creation
Community
Videos
Private Events
Remove Ads
Sign In
Join for FREE
Feedback
Dark Mode
Quiz Categories
Sports
Geography
Music
Movies
Television
Just For Fun
Miscellaneous
History
Literature
Language
Science
Gaming
Entertainment
Religion
Holiday
For Kids
Quiz Lab
Recent
Popular Today
Quiz Kudos Today
Editor Picks
Curator Picks
Quizzes by...
Day
Popularity
Type
Ratings
Length
Year
Community
Subscriptions
Recent Discussions
Orange Saloon
Badges
Playlists
Quests
Create
Leaderboards
Showdown
Live 5
Trivia Bingo
Activity
Puzzle Library
Sporcle Events
Private Events
Virtual Trivia
Globe League
Become a Host
Pub Owners
SporcleCon
Opinionation
Our Games
Videos
Blog
Mobile Apps
Partnerships
Remove Ads and Go Orange
Feedback
Science
Computer
Plants
Astronomy
Chemistry
Elements
Math
Animal
Physics
Anatomy
Biology
Geology
General Science
Science
Computer
Plants
Astronomy
Chemistry
Elements
Math
Animal
Physics
Anatomy
Biology
Geology
General Science
Random Quiz
Search Sporcle
×
Quiz Lab
Quiz Lab
Science
brain
Type in answers that appear in a list
Type in answers that appear in a list
Classic
Best Score? Go Orange.
The Brain Stats
Can you name the The Brain?
By
tigers_14
20m
31 Questions
44 Plays
44 Plays
44 Plays
Comments
Comments
Give Quiz Kudos
Give Quiz Kudos
-
- Ratings
hide this ad
Replay
Link that replays current quiz
Next Quiz
Link to next quiz in quiz playlist
You Got
0%
They Got
Avg Score
5%
Avg Friend Score
Upgrade to see
Score Distribution
Jump to the score distribution portion of the page
Score
0/31
Timer
20:00
0
Plays Today
% Correct
frontal lobe
84.1%
parietal lobe
54.5%
11.4%
movement
2.3%
vision
2.3%
hearing
2.3%
coordinate information coming in and out of sponal cord
0%
regulatory functions basic drives auditory
0%
tectum and tegmentum
0%
emotional cognitive memory function
0%
cerebral cortex subcortical structures
0%
connects the two hemispheres
0%
frontal parietal occipital temporal
0%
touch
0%
speech production and language processing
0%
brain and spinal cord
0%
% Correct
peripheral nervous system
0%
connects CNS to body's organs and muscles
0%
somatic and autonomic
0%
set of nerves that conveys information in and out of CNS
0%
set of nerves that carries involuntary and automatic commands
0%
when threatened
0%
goes back to resting after threat is gone
0%
a cell in the nervous system that commumicates with one abother to process information
0%
cell body axon dendrites
0%
transmit information
0%
receive information
0%
keep it alive
0%
the discharge of action potential
0%
the difference between charges inside and outside the neuron
0%
electric signal along the axon
0%
Quiz Playlist
Details
Report
Send in Message
Add To Playlist
Classic:
Type in answers that appear in a list
Last Updated: Feb 16, 2017
Quiz Scoreboard
CHALLENGE
Sign Up to Join the Scoreboard
Show All
Scores
Hide
Comments
May contain spoilers
Recently Published
Pick 6: Fruits
by JohnFran
Miscellaneous
15s
Click the 1999 NBA Draft
by nibperrychub
Sports
2m
Alphabetical 'K' Countries by Flag Minefield
by ylime102
Geography
3m
More to Explore
Quiz From the Vault
Featured Blog Post
15 Basketball Trivia Facts You Can Be March Mad About
hide this ad
You Might Also Like...
Tags
brain
Today's Top Quizzes in Science
Browse Science
hide this ad
Today's Top Quizzes in brain
Browse brain
Top Contributed Quizzes in Science
1
Pick 6: Animals
2
Group Clicking: Animals II
3
Square Numbers Scrambled (1-50)
4
Find the Spring Animals
5
Flowers by Accent Chairs
6
Why is the sky blue? And other physics questions.
7
Word Ladder: A Quick One (7)
8
Trigonometric Exact Values
9
Logic Gate Symbols
10
The First 100 Digits of Pi
Explore More
Trending Topics
NBA
Kpop
Harry Potter
Anime
Crossword
Disney
Marvel
Country
Pokémon
NFL
Song
The Office
Soccer
WWE
Puzzle
hide this ad
More By:
tigers_14
Quiz
Plays
Rating
Category
Featured
Created
The Functions of the parts of the Brain
369
1.00
Science
Oct 4, 2010
Political Parties Throughout History
130
1.14
History
Mar 17, 2011
The Brain
44
1.00
Science
Oct 4, 2010
Consciousness/Sleeping Study Guide
14
Science
Oct 21, 2010
Hearing and Conditioning
6
Science
Oct 21, 2010
Go to Creator's Profile
Score Distribution
Quiz Creator Spotlight
tigers_14
Follow
Send a Message
Quizzes Created
-
Created Quiz Play Count
-
More By This Creator
Popular Quizzes Today
1
Find the US States - No Outlines Minefield
2
Countries of Asia Without Outlines Minefield
3
Pick 6: Fruits
4
Alphabetical 'K' Countries by Flag Minefield
5
The Countries of the World
6
Find the US States
7
Match the Book to the Film X
8
US States
More Science Quizzes
The Classification of Igneous Rocks
Editor's Pick
Trending Quizzes
Pick 6: Mountains
Pick 6: Harry Potter
Pick 6: NFL Teams
Pick 6: Movie Franchises
Pick 6: Golfers
Recently Updated
NWSL Teams
pecheneg
Women's Final Four Teams by Year
bhenderson79
Presidents Quartet II
eogle
Anything But Clue(do)
eogle
Anything But Oceanian Capitals
eogle
Anything But 7
eogle
Anything But Thing
eogle
Word Ladder: February 29
pecheneg
Song Title Questions
pecheneg
Women's NCAA Tournament #1 Seeds
pecheneg
Trending Topics
Harry Potter
Marvel
Kpop
Crossword
NBA
Anime
Disney
WWE
Puzzle
Song
Country
The Office
Soccer
NFL
Pokémon
Your Account Isn't Verified!
In order to create a playlist on Sporcle, you need to verify the email address you used during registration. Go to your
Sporcle Settings
to finish the process.
Report this User
Report this user for behavior that violates our
Community Guidelines
.
Details:
Send Report
Go to the Sporcle.com Mobile Site →
Comments